000 00475nam a2200181Ia 4500
005 20250423101316.0
008 250422s9999 xx 000 0 und d
020 _a0-19-423007-4
050 _aPZ 7 .D69 L37/
100 _aDibbin, Michael
245 4 _aThe last Sherlock Holmes story
260 _aLondon
260 _bOxford University Press
260 _c2000
300 _a72 p
650 _aEnglish language -- Study and teaching Readers -- Stage 3
942 _cBK
999 _c35924
_d35924